The Land Revenue Reforms Committee: report (Record no. 489970)

000 -LEADER
fixed length control field 00434cam a22001337a 4500
008 - FIXED-LENGTH DATA ELEMENTS--GENERAL INFORMATION
fixed length control field 180718b1951 xxu||||| |||| 00| 0 eng d
082 ## - DEWEY DECIMAL CLASSIFICATION NUMBER
Classification number Y15x5452 M267
100 ## - MAIN ENTRY--PERSONAL NAME
Personal name Madras. Land Revenue Reforms Committee
245 ## - TITLE STATEMENT
Title The Land Revenue Reforms Committee: report
260 ## - PUBLICATION, DISTRIBUTION, ETC.
Place of publication, distribution, etc. Madras
Name of publisher, distributor, etc. The author
Date of publication, distribution, etc. 1951
300 ## - PHYSICAL DESCRIPTION
Extent 2 Reports
500 ## - GENERAL NOTE
General note Contents. First report. 164+p; Second report. 205+p.
700 ## - ADDED ENTRY--PERSONAL NAME
Personal name Subramanian, M.V. (Chairman)
Holdings
Withdrawn status Lost status Damaged status Not for loan Permanent Location Current Location Date acquired Full call number Barcode Date last seen Price effective from Koha item type
        Indian Institute of Public Administration Indian Institute of Public Administration 2018-08-04 Y15x5452 M267 GG2598 2018-08-04 2018-08-04 GG

Powered by Koha